| Tag |
First Indicator |
Second Indicator |
Subfields |
| LEADER |
00000pam a2200000 a 4500 |
| 001 |
in00000081053 |
| 005 |
20201102114208.0 |
| 008 |
810512s1981 dcuab bc f00110 eng |
| 010 |
|
|
|a 81008762
|
| 020 |
|
|
|a 0934686386 (pbk.)
|
| 020 |
|
|
|a 0934686378 :
|c $24.00 (est.)
|
| 035 |
|
|
|a (OCoLC)07653215
|
| 035 |
|
|
|9 AAJ3338AM
|
| 040 |
|
|
|a DLC
|c DLC
|d TXA
|d UtOrBLW
|
| 043 |
|
|
|a a-ii---
|
| 049 |
|
|
|a TXAM
|c [387602]
|
| 050 |
0 |
0 |
|a ND3247
|b .B39
|
| 082 |
0 |
|
|a 745.6/7/09540740153
|2 19
|
| 100 |
1 |
|
|a Beach, Milo Cleveland.
|
| 245 |
1 |
4 |
|a The imperial image :
|b paintings for the Mughal court /
|c Milo Cleveland Beach.
|
| 264 |
|
1 |
|a Washington, D.C. :
|b Freer Gallery of Art, Smithsonian Institution,
|c 1981.
|
| 300 |
|
|
|a 237 pages :
|b illustrations (some color), map ;
|c 30 cm.
|
| 336 |
|
|
|a text
|b txt
|2 rdacontent
|
| 337 |
|
|
|a unmediated
|b n
|2 rdamedia
|
| 338 |
|
|
|a volume
|b nc
|2 rdacarrier
|
| 500 |
|
|
|a "Published on the occasion of an exhibition held at the Freer Gallery of Art, Washington, D.C., September 25, 1981-January 10, 1982"--Title page verso.
|
| 500 |
|
|
|a Map on lining papers.
|
| 500 |
|
|
|a Includes index.
|
| 504 |
|
|
|a Bibliography: pages 231-233.
|
| 650 |
|
0 |
|a Illumination of books and manuscripts, Mogul Empire
|x Exhibitions.
|
| 650 |
|
0 |
|a Islamic illumination of books and manuscripts
|z India
|x Exhibitions.
|
| 650 |
|
0 |
|a Painting, Mogul Empire
|x Exhibitions.
|
| 650 |
|
0 |
|a Islamic painting
|z India
|x Exhibitions.
|
| 710 |
2 |
|
|a Freer Gallery of Art.
|
| 999 |
|
|
|a MARS
|
| 999 |
f |
f |
|s 2369453a-cd92-3d6a-b8b0-06f696c57171
|i 0dfca421-82a4-36e3-9873-2d45b96e9c59
|t 0
|
| 952 |
f |
f |
|p normal
|a Texas A&M University
|b College Station
|c Sterling C. Evans Library
|d Evans: Library Stacks
|t 0
|e ND3247 .B39
|h Library of Congress classification
|i unmediated -- volume
|m A14806170313
|
| 998 |
f |
f |
|a ND3247 .B39
|t 0
|l Evans: Library Stacks
|